00470nam a22001577a 450000500170000001000150001702000260003203500130005803700130007110000270008424500510011126000320016227000750019430000230026950000200029220130624150641.0 aENG-107720 a9788192543116c325.00 aEN-91253 bDBAD/PUB aFiske, Robert Hartwell aThe best words /cby Robert Hartwell Fiskeb  aUttar PradeshbeVookzc2010 a10, Parshawanath Edens, Sector, Alpha-II, Greater NoidabUttar Pradesh aix,175p.c22cm(Hb) aIncludes index